00495 2200193 4500001002100000005001500021008004100036020002200077035001900099041000700118082001000125090001600135100002700151245003000178260003200208300003600240500001100276650001400287INLIS00000000000939220241224113820241224||||||||| | ||| |||| || |  a978-602-7560-56-7 0010-1224009392 aid0 a745.5 a745.5 TRI a0 aTri Agustina Hernawati00aAksesoris Peniti dan Bros aJakartabDunia Kreasic2012 a24x17,5 cm, vi, 70 hlm.; ilus.: aCet. 1 0aKerajinan